PRINTED CIRCUITS DESIGN , FEATURING COMPUTER AIDED TECHNOLOGIES (Record no. 573207)
[ view plain ]
| 000 -LEADER | |
|---|---|
| fixed length control field | 00387nam a22001337a 4500 |
| 020 ## - INTERNATIONAL STANDARD BOOK NUMBER | |
| International Standard Book Number | 0-07--23309-8 |
| 082 ## - DEWEY DECIMAL CLASSIFICATION NUMBER | |
| Classification number | 621.381531 GIN'P |
| 100 ## - MAIN ENTRY--PERSONAL NAME | |
| Personal name | GINSBERG, GERALD L |
| 9 (RLIN) | 64827 |
| 245 ## - TITLE STATEMENT | |
| Title | PRINTED CIRCUITS DESIGN , FEATURING COMPUTER AIDED TECHNOLOGIES |
| 260 ## - PUBLICATION, DISTRIBUTION, ETC. | |
| Place of publication, distribution, etc. | NEWYORK |
| Name of publisher, distributor, etc. | MCGRAW HILL |
| Date of publication, distribution, etc. | 1990 |
| 300 ## - PHYSICAL DESCRIPTION | |
| Extent | 324P |
| 650 ## - SUBJECT ADDED ENTRY--TOPICAL TERM | |
| Topical term or geographic name entry element | PRINTED CIRCUITS COMPUTER AIDED DESIGN |
| 9 (RLIN) | 64828 |
| 942 ## - ADDED ENTRY ELEMENTS (KOHA) | |
| Koha item type | Book |
| Withdrawn status | Lost status | Damaged status | Not for loan | Permanent Location | Current Location | Shelving location | Date acquired | Total Checkouts | Full call number | Barcode | Date last seen | Price effective from | Koha item type |
|---|---|---|---|---|---|---|---|---|---|---|---|---|---|
| College of Electrical & Mechanical Engineering (CEME) | College of Electrical & Mechanical Engineering (CEME) | General Stacks | 07/27/2017 | 621.381531 GIN'P | CEME-25594 | 06/28/2021 | 06/28/2021 | Book |
